X-Men by Power - Statistics

General Stats
  • This quiz has been taken 306 times
  • The average score is 18 of 26
Answer Stats
Hint Answer % Correct
Magnetism; flight Magneto
96%
Freezing Iceman
93%
Weather control Storm
93%
Feathered wings; healing blood Angel
87%
Shapeshifting Mystique
87%
Sonic scream Banshee
86%
Healing; breaking the fourth wall Deadpool
86%
Telekinesis; Telepathy Jean Grey
84%
Stealing others’ life force and powers Rogue
81%
Claws; healing factor Wolverine
80%
Solar energy Sunspot
79%
Prehensile tongue; strong legs; hardening spit Toad
79%
Teleportation Nightcrawler
77%
Optic blast Cyclops
76%
Plasmoid fireworks Jubilee
74%
Prehensile feet; strength; agility Beast
72%
Ability to create any mechanical object Forge
64%
Plasma blast Havok
63%
Illusion generation Mastermind
62%
Intangibility; chronoskimming Shadowcat
54%
Biokinetic energy Gambit
53%
Pulls bones out of body Marrow
53%
Energy absorption and redirection Bishop
50%
Claws; fangs; healing factor Sabretooth
50%
Superhuman strength Thunderbird
27%
Enhanced senses, strength and agility; flight Warpath
19%
No matching quizzes found
Score Distribution
Percent of People with Each Score
Percentile by Number Answered
Your Score History
You have not taken this quiz